000
00442nam a2200145Ia 4500
008
090124s9999 xx 000 0 und d
082
_b
202597
245
_a
वाट पहातां लोचन
250
_a
2
260
_b
कवठेकर दत्त रघुनाथ
_c
1980
300
_a
578
630
_a
वाट पहातां लोचन
730
_a
वाट पहातां लोचन
942
_c
BOOK
999
_c
184178
_d
184178